[Event "EU-ch Amateur Online Final 1400/1700"]
[Site "Tornelo INT"]
[Date "2021.04.18"]
[Round "8"]
[White "Bebis, Epaminondas Alexand"]
[Black "Ramaj, Ergit"]
[Result "0-1"]
[WhiteElo "1686"]
[BlackElo "1482"]
[PlyCount "48"]
[EventDate "2021.04.18"]
[EventType "swiss (rapid)"]
[EventRounds "9"]
[EventCountry "NET"]
[SourceTitle "EXT 2023"]
[Source "ChessBase"]
[SourceDate "2022.10.05"]
[SourceVersion "1"]
[SourceVersionDate "2022.10.05"]
[SourceQuality "1"]

1. a3 g6 2. d4 Bg7 3. e3 Nf6 4. Bd3 0-0 5. b4 d6 6. Bb2 a6 7. Nd2 Nc6 8. Ngf3 Re8 9. e4 e5 10. d5 Ne7 11. c4 Nh5 12. c5 f5 13. exf5 gxf5 14. cxd6 cxd6 15. Nxe5 Nf4 16. Bc4 Bxe5 17. Bxe5 Neg6 18. 0-0 Nxe5 19. Bb3 Qg5 20. g3 Nh3+ 21. Kg2 f4 22. Ne4 Qg6 23. Bc2 Bf5 24. Kh1 Bxe4+ 0-1

[Event "EU-ch Amateur Online 1400/1700"]
[Site "Tornelo INT"]
[Date "2021.04.17"]
[Round "7"]
[White "Merkouropoulos, Dionysios"]
[Black "Bebis, Epaminondas Alexand"]
[Result "0-1"]
[WhiteElo "1405"]
[BlackElo "1686"]
[PlyCount "99"]
[EventDate "2021.04.17"]
[EventType "swiss (rapid)"]
[EventRounds "8"]
[EventCountry "NET"]
[SourceTitle "EXT 2023"]
[Source "ChessBase"]
[SourceDate "2022.10.05"]
[SourceVersion "1"]
[SourceVersionDate "2022.10.05"]
[SourceQuality "1"]

1. d4 Nf6 2. c4 e5 3. e3 Nc6 4. Nf3 Bb4+ 5. Bd2 Qe7 6. dxe5 Ng4 7. Bd3 a5 8. 0-0 0-0 9. Qc2 Bxd2 10. Nbxd2 Nb4 11. Qb1 Nxd3 12. Qxd3 Nxe5 13. Nxe5 Qxe5 14. b3 Ra6 15. Nf3 Qh5 16. Nd4 Rf6 17. Qe2 Qe5 18. Qd3 d6 19. f3 Rh6 20. g3 f5 21. Nb5 Qe7 22. e4 fxe4 23. Qxe4 Re6 24. Qd3 Re3 25. Qd5+ Kh8 26. Nd4 Re5 27. Nc6 bxc6 28. Qxc6 Qd7 29. Qxd7 Bxd7 30. Rae1 Rfe8 31. Rxe5 Rxe5 32. f4 Re2 33. Rf2 Re1+ 34. Rf1 Re3 35. Kf2 Rc3 36. Re1 Kg8 37. Re7 Bg4 38. Rxc7 Rc2+ 39. Ke3 Rxh2 40. a4 Rg2 41. Ra7 Rxg3+ 42. Kf2 Rxb3 43. Rxa5 Rf3+ 44. Kg2 Rxf4 45. Ra8+ Kf7 46. a5 Bf3+ 47. Kf2 Bxa8+ 48. Kg3 Rxc4 49. Kf2 Rc3 50. Kg1 0-1

[Event "GRE-chT 46th"]
[Site "Rio Achaia"]
[Date "2018.07.11"]
[Round "3.16"]
[White "Samaridis, Konstantinos"]
[Black "Bebis, Epaminondas Alexand"]
[Result "1-0"]
[WhiteElo "2103"]
[BlackElo "1554"]
[PlyCount "61"]
[EventDate "2018.07.10"]
[EventType "team"]
[EventRounds "7"]
[EventCountry "GRE"]
[SourceTitle "CBM 185 Extra"]
[Source "ChessBase"]
[SourceDate "2018.07.29"]
[SourceVersion "1"]
[SourceVersionDate "2018.07.29"]
[SourceQuality "1"]
[WhiteTeam "Kavalas OFS"]
[BlackTeam "Ioannites Skakiston"]
[WhiteTeamCountry "GRE"]
[BlackTeamCountry "GRE"]

1. c4 f5 2. Nc3 Nf6 3. g3 Nc6 4. Bg2 e5 5. d3 Bc5 6. e3 0-0 7. Nge2 d6 8. 0-0 Qe8 9. d4 Bb6 10. Rb1 a6 11. b4 Kh8 12. c5 Ba7 13. a4 Ne7 14. Ba3 e4 15. b5 d5 16. a5 g5 17. c6 bxc6 18. b6 cxb6 19. axb6 Bxb6 20. Rxb6 Rf7 21. Bxe7 Rxe7 22. Qa4 Re6 23. Rfb1 h5 24. h4 gxh4 25. Nf4 Rd6 26. gxh4 Bd7 27. Qb4 c5 28. dxc5 Rxb6 29. cxb6 Bc6 30. Qd4 Qd8 31. Nxh5 1-0

[Event "GRE-ch U14"]
[Site "Rio Achaia"]
[Date "2012.06.25"]
[Round "2.4"]
[White "Bebis, Epaminondas Alexand"]
[Black "Kelires, Andreas"]
[Result "0-1"]
[WhiteElo "1627"]
[BlackElo "1965"]
[PlyCount "88"]
[EventDate "2012.06.24"]
[EventType "swiss"]
[EventRounds "7"]
[EventCountry "GRE"]
[SourceTitle "EXT 2024"]
[Source "ChessBase"]
[SourceDate "2023.10.10"]
[SourceVersion "1"]
[SourceVersionDate "2023.10.10"]
[SourceQuality "1"]

1. b3 d5 2. Bb2 Nf6 3. e3 c6 4. Nf3 Bg4 5. c4 e6 6. Nc3 Bd6 7. Rc1 0-0 8. Be2 Nbd7 9. 0-0 a6 10. cxd5 cxd5 11. Nd4 Bxe2 12. Ncxe2 Qe7 13. Rc2 Rac8 14. f4 Ba3 15. Bxa3 Qxa3 16. Qc1 Qxc1 17. Rfxc1 Nb6 18. Rxc8 Rxc8 19. Rxc8+ Nxc8 20. f5 e5 21. Nf3 Nd7 22. Nc3 Ne7 23. g4 f6 24. Ne1 g6 25. fxg6 hxg6 26. Nd3 Kf7 27. Na4 b6 28. Nb4 a5 29. Na6 Ke6 30. b4 Kd6 31. b5 g5 32. Nc3 Nc5 33. Kg2 e4 34. Nxc5 Kxc5 35. Kf2 Kc4 36. Ke2 Ng6 37. Na4 Kxb5 38. Nb2 Ne5 39. d3 Nxg4 40. h3 Ne5 41. dxe4 dxe4 42. a4+ Kb4 43. Nd1 f5 44. Nc3 Kxc3 0-1